000 00723nam a22001937a 4500
003 0
005 20250822112030.0
008 250822b xxu||||| |||| 00| 0 eng d
020 _a978-0-367-72636-2
050 _aRC 489.C63
_b.I58 2022
245 _aIntegrative arts psychotherapy :
_busing an integrative theoretical frame and the arts in psychotherapy /
_cedited by Claire Louise Vaculik and Gary Nash.
260 _aNew York, NY :
_bRoutledge,
_c2022.
300 _axxiv, 226 pages :
_billustrations ;
_c24 cm.
504 _aIncludes bibliographical references and index.
650 _aCreative arts therapies.
650 _aArts
_xTherapeutic use.
650 _aPsychotherapy
_xIntegrative approach.
942 _2lcc
_cBK
999 _c367566
_d367566